[Event "19th Asia-ch (w)"]
[Site "Al-Ain UAE"]
[Date "2015.08.03"]
[Round "2.3"]
[White "Soumya, Swaminathan"]
[Black "Shen Yang"]
[Result "1/2-1/2"]
[WhiteElo "2325"]
[BlackElo "2443"]
[EventDate "2015.08.02"]
[PlyCount "156"]

1.e4 e5 2.Nf3 Nc6 3.Bb5 a6 4.Ba4 Nf6 5.O-O Be7 6.d3 b5 7.Bb3 d6 8.a4 Bd7 
9.c3 O-O 10.Bc2 b4 11.Re1 Re8 12.Nbd2 Rb8 13.Nc4 Be6 14.a5 bxc3 15.bxc3 
Na7 16.Ne3 Nb5 17.Bd2 h6 18.Ba4 Bd7 19.h3 Bf8 20.Nh2 Na7 21.Bc2 Qc8 22.Qf3
Nc6 23.Nc4 Be7 24.Nf1 Nh7 25.Nfe3 Bg5 26.Red1 Bf4 27.h4 Nf6 28.g3 Bxe3 29.
Nxe3 Rb5 30.Nf5 Bxf5 31.exf5 Rc5 32.g4 Nd4 33.cxd4 Rxc2 34.dxe5 Rxe5 35.
Bf4 Rb5 36.Rdc1 Rxc1+ 37.Rxc1 h5 38.g5 Ng4 39.Bxd6 Rxf5 40.Rxc7 Qe6 41.
Qa8+ Kh7 42.Qe4 Nxf2 43.Qxe6 fxe6 44.d4 Nd3 45.Re7 Ne1 46.Rxe6 Nf3+ 47.Kh1
Nxh4 48.Bg3 Nf3 49.g6+ Kh6 50.d5 h4 51.Bf2 h3 52.Re3 Ng5 53.Bh4 Rxd5 54.
Ra3 Kxg6 55.Kh2 Kh5 56.Bxg5 Kxg5 57.Kxh3 Kf4 58.Ra4+ Ke3 59.Ra1 Kf4 60.
Rf1+ Kg5 61.Rg1+ Kf6 62.Ra1 Rd3+ 63.Kg4 Rd4+ 64.Kf3 Kf5 65.Ke3 Re4+ 66.Kf3
Rb4 67.Kg3 Rb3+ 68.Kg2 g5 69.Ra4 Re3 70.Ra1 Ke4 71.Ra4+ Kd5 72.Ra2 Re6 73.
Kg3 Kc4 74.Rb2 Rd6 75.Rb6 Rd3+ 76.Kg4 Rd4+ 77.Kxg5 Rd5+ 78.Kf6 Rxa5 
1/2-1/2

[Event "19th Asia-ch (w)"]
[Site "Al-Ain UAE"]
[Date "2015.08.03"]
[Round "2.4"]
[White "Gomes, Mary Ann"]
[Black "Khademalsharieh, Sarasadat"]
[Result "1-0"]
[WhiteElo "2314"]
[BlackElo "2412"]
[EventDate "2015.08.02"]
[PlyCount "69"]

1.g3 Nf6 2.Bg2 g6 3.c4 Bg7 4.Nc3 c5 5.e3 Nc6 6.Nge2 O-O 7.O-O d6 8.h3 a6 
9.d4 Rb8 10.b3 Bd7 11.a4 Nb4 12.Ba3 b5 13.axb5 axb5 14.dxc5 dxc5 15.Bxb4 
cxb4 16.Nxb5 Bxb5 17.cxb5 Qxd1 18.Rfxd1 Rxb5 19.Nd4 Rb6 20.Nc6 Re8 21.Ra7 
Bf8 22.Ne5 Rc8 23.g4 Re6 24.f4 Rb6 25.Bf1 Ne4 26.Ba6 Re8 27.Bc4 e6 28.Nxf7
Bc5 29.Kg2 Rf8 30.Nh6+ Kh8 31.Rdd7 Nf6 32.Rdc7 Bxe3 33.g5 Bxf4 34.Rf7 Rbb8
35.gxf6 1-0

[Event "19th Asia-ch (w)"]
[Site "Al-Ain UAE"]
[Date "2015.08.03"]
[Round "2.5"]
[White "Aulia, Medina Warda"]
[Black "Dauletova, Gulmira"]
[Result "1-0"]
[WhiteElo "2412"]
[BlackElo "2278"]
[EventDate "2015.08.02"]
[PlyCount "119"]

1.e4 c5 2.Nf3 d6 3.d4 cxd4 4.Nxd4 Nf6 5.Nc3 e6 6.Be2 Be7 7.Be3 Nc6 8.O-O 
O-O 9.f4 e5 10.Nb3 exf4 11.Bxf4 Be6 12.Kh1 d5 13.e5 Ne4 14.Bd3 f5 15.exf6 
Bxf6 16.Bxe4 dxe4 17.Bd6 Rf7 18.Nxe4 Bxb2 19.Rb1 Be5 20.Nbc5 Bxa2 21.Rxf7 
Bxf7 22.Rxb7 Qh4 23.h3 Qf4 24.Bxe5 Nxe5 25.Rxa7 Rf8 26.Nd6 Bc4 27.Nxc4 
Qxc4 28.Nd3 Nxd3 29.cxd3 Qd4 30.Qa1 Qxa1+ 31.Rxa1 Rf7 32.Re1 Rd7 33.Re3 
Kf7 34.Kh2 Kf6 35.Kg3 Kf5 36.Kf3 h5 37.h4 g6 38.g3 Rd8 39.Ke2 Ra8 40.d4 
Ra2+ 41.Kf3 Ra5 42.Rc3 Ra1 43.Rc5+ Kf6 44.Ke4 Re1+ 45.Kd3 Ra1 46.Rg5 Ra4 
47.Ke4 Ra8 48.Rc5 Ra6 49.Rc3 Rb6 50.Kd5 Kf5 51.Re3 Ra6 52.Kc5 Ra5+ 53.Kc6 
Ra6+ 54.Kb7 Ra1 55.d5 Rd1 56.Kc6 Rc1+ 57.Kd7 Rd1 58.d6 Kf6 59.Kc7 Rc1+ 60.
Kd8 1-0

[Event "19th Asia-ch (w)"]
[Site "Al-Ain UAE"]
[Date "2015.08.03"]
[Round "2.6"]
[White "Kurbonboeva, Sarvinoz"]
[Black "Karavade, Eesha"]
[Result "1/2-1/2"]
[WhiteElo "2264"]
[BlackElo "2409"]
[EventDate "2015.08.02"]
[PlyCount "141"]

1.d4 Nf6 2.c4 e6 3.Nf3 Bb4+ 4.Bd2 c5 5.g3 Qb6 6.Nc3 cxd4 7.Nb5 Bxd2+ 8.
Qxd2 Nc6 9.Nfxd4 Nxd4 10.Qxd4 Qxd4 11.Nxd4 Ke7 12.Bg2 Rb8 13.O-O b6 14.
Rfd1 Bb7 15.Bxb7 Rxb7 16.Nb5 a6 17.Nd6 Rc7 18.Rd2 Ne8 19.Rad1 Nxd6 20.Rxd6
Rb8 21.b3 Rbb7 22.Kg2 b5 23.Rxa6 bxc4 24.bxc4 Rxc4 25.Rad6 Rc2 26.R1d2 
Rxd2 27.Rxd2 d5 28.f4 Kd6 29.Kf3 Ra7 30.Rb2 f6 31.Ke3 e5 32.fxe5+ fxe5 33.
Kd3 Ke6 34.e3 Kf5 35.h3 Ra3+ 36.Rb3 Rxa2 37.g4+ Kg5 38.Rb7 Kh6 39.Rb5 e4+ 
40.Kd4 Rd2+ 41.Ke5 Re2 42.Rxd5 Rxe3 43.Kf4 Rxh3 44.Kxe4 Ra3 45.Rb5 Rg3 46.
Kf4 Rc3 47.Ke4 Kg6 48.Kf4 Rc4+ 49.Kf3 Rd4 50.Rb6+ Kg5 51.Rb5+ Kf6 52.Rb6+ 
Ke7 53.Rb7+ Rd7 54.Rb6 h6 55.Ke4 Kf7 56.Kf5 g6+ 57.Ke5 Re7+ 58.Kf4 Re6 59.
Rb7+ Kf6 60.g5+ hxg5+ 61.Kg4 Re4+ 62.Kf3 Rd4 63.Rb6+ Kg7 64.Kg3 Kh6 65.Rb8
Re4 66.Ra8 g4 67.Ra5 g5 68.Ra8 Kg6 69.Rg8+ Kf6 70.Rf8+ Kg6 71.Rg8+ 1/2-1/2

[Event "19th Asia-ch (w)"]
[Site "Al-Ain UAE"]
[Date "2015.08.03"]
[Round "2.7"]
[White "Zhai Mo"]
[Black "Mohota, Nisha"]
[Result "1/2-1/2"]
[WhiteElo "2406"]
[BlackElo "2259"]
[EventDate "2015.08.02"]
[PlyCount "74"]

1.d4 Nf6 2.Nf3 d5 3.Bf4 c5 4.c3 Qb6 5.Qb3 Nc6 6.Na3 c4 7.Qxb6 axb6 8.Nb5 
Ra5 9.a4 Bf5 10.Ne5 Nxe5 11.dxe5 Nd7 12.Nd4 e6 13.f3 Nc5 14.e4 Bg6 15.Kd2 
Be7 16.g4 O-O 17.h4 h6 18.h5 Bh7 19.Be2 dxe4 20.Bxc4 exf3 21.Bb5 Bg5 22.
Bxg5 Ne4+ 23.Ke3 Nxg5 24.Rhd1 Be4 25.b4 Raa8 26.Bd3 Bxd3 27.Rxd3 f6 28.
Nxf3 Nxf3 29.Kxf3 fxe5+ 30.Kg3 e4 31.Re3 Rac8 32.Rd1 Rc6 33.Rd7 Rfc8 34.
Rxb7 Rxc3 35.Rxc3 Rxc3+ 36.Kf4 e3 37.Kf3 Ra3 1/2-1/2

[Event "19th Asia-ch (w)"]
[Site "Al-Ain UAE"]
[Date "2015.08.03"]
[Round "2.8"]
[White "Kulkarni, Bhakti Pradip"]
[Black "Saduakasova, Dinara"]
[Result "0-1"]
[WhiteElo "2262"]
[BlackElo "2401"]
[EventDate "2015.08.02"]
[PlyCount "90"]

1.d4 f5 2.Nc3 Nf6 3.Bg5 d5 4.Bxf6 exf6 5.e3 c6 6.Bd3 Be6 7.Qf3 Qd7 8.h4 g6
9.Nge2 Bd6 10.Nf4 Bf7 11.Nce2 Qc7 12.O-O Nd7 13.Rfc1 Nb6 14.a4 Nc4 15.Bxc4
dxc4 16.d5 O-O-O 17.Rd1 Be5 18.Rab1 Rd6 19.b3 cxb3 20.Rxb3 Qd7 21.Rbd3 c5 
22.Ne6 c4 23.R3d2 Qxa4 24.g3 Re8 25.e4 Bxe6 26.dxe6 Rxd2 27.Rxd2 Qc6 28.
Qa3 a6 29.exf5 gxf5 30.e7 Qc7 31.f4 Qb6+ 32.Kf1 Bc7 33.Rd5 Qe6 34.Qc5 Rxe7
35.Qxc4 Kb8 36.Qd3 a5 37.Nc3 Re8 38.Kg2 Qe1 39.Qd4 Rg8 40.Qd3 Re8 41.Qd4 
Rg8 42.Qd3 Bb6 43.Qf3 Qg1+ 44.Kh3 Bf2 45.Ne2 Qf1+ 0-1

[Event "19th Asia-ch (w)"]
[Site "Al-Ain UAE"]
[Date "2015.08.03"]
[Round "2.9"]
[White "Davletbaeva, Madina"]
[Black "Zhang Xiaowen"]
[Result "0-1"]
[WhiteElo "2243"]
[BlackElo "2376"]
[EventDate "2015.08.02"]
[PlyCount "120"]

1.e4 e6 2.d4 d5 3.exd5 exd5 4.Nf3 Nc6 5.Bb5 Bd6 6.c4 dxc4 7.d5 a6 8.Ba4 b5
9.dxc6 bxa4 10.O-O Ne7 11.Nbd2 Be6 12.Qxa4 c3 13.bxc3 Bd5 14.Ne4 Bxc6 15.
Nxd6+ Qxd6 16.Qg4 O-O 17.Bf4 Qg6 18.Qg3 Nd5 19.Be5 f6 20.Bd4 Rfe8 21.Rfe1 
Rab8 22.a3 Re4 23.Qxg6 Rxe1+ 24.Nxe1 hxg6 25.Nd3 Bb5 26.Nc5 Nf4 27.f3 Bc4 
28.Na4 Re8 29.Rb1 Re2 30.Bf2 Ra2 31.h3 Bb5 32.Nc5 Ne2+ 33.Kh2 Nxc3 34.Rb3 
Nd5 35.Bd4 Rd2 36.Be3 Rc2 37.Bd4 Rd2 38.Be3 Nxe3 39.Rxe3 Rc2 40.Ne4 c5 41.
Kg1 c4 42.Nc3 Rb2 43.Nd5 g5 44.Ne7+ Kf8 45.Nf5 Rb3 46.Kf2 c3 47.Nd4 Rxa3 
48.Kg3 c2 49.Nxc2 Rxe3 50.Nxe3 a5 51.Nc2 Ke7 52.f4 gxf4+ 53.Kxf4 Kd6 54.
Ke3 Bf1 55.Kf2 Bd3 56.Na1 Kd5 57.Ke3 Kc4 58.Kd2 a4 59.g3 f5 60.h4 g6 0-1

[Event "19th Asia-ch (w)"]
[Site "Al-Ain UAE"]
[Date "2015.08.03"]
[Round "2.10"]
[White "Nguyen Thi Mai Hung"]
[Black "Wang Jue"]
[Result "1/2-1/2"]
[WhiteElo "2227"]
[BlackElo "2360"]
[EventDate "2015.08.02"]
[PlyCount "176"]

1.d4 Nf6 2.Nf3 g6 3.g3 Bg7 4.Bg2 O-O 5.O-O d6 6.a4 Na6 7.Re1 c5 8.c3 d5 9.
Bf4 Qb6 10.Qc1 Bf5 11.Be5 Rac8 12.Nbd2 Rfe8 13.Ra3 Bh6 14.e3 Nd7 15.Bf4 
Bg7 16.h3 h6 17.g4 Be6 18.Qb1 Nab8 19.a5 Qd8 20.dxc5 Nxc5 21.b4 Ncd7 22.
Nd4 Nf8 23.Rc1 Nc6 24.N2b3 Bd7 25.Bg3 e5 26.Nxc6 bxc6 27.Nc5 Ne6 28.Nxd7 
Qxd7 29.Rd1 Nc7 30.Bf1 Nb5 31.Rb3 Qe6 32.Qc2 Nd6 33.c4 Ne4 34.Bh2 Ng5 35.
Kh1 Nf3 36.Bg3 e4 37.Be2 h5 38.Bxf3 exf3 39.cxd5 cxd5 40.Qd3 Red8 41.b5 
hxg4 42.b6 Be5 43.b7 Rb8 44.a6 Bxg3 45.fxg3 Qe5 46.Kh2 d4 47.h4 Rd6 48.Rb4
Qa5 49.Rxd4 Rxd4 50.exd4 Re8 51.Rc1 Kh7 52.Rc2 Qe1 53.Qc4 Re2+ 54.Rxe2 
Qxe2+ 55.Qxe2 fxe2 56.b8=Q e1=Q 57.Qf4 Qe6 58.Kg1 Qe1+ 59.Kh2 Qe2+ 60.Kg1 
Qd1+ 61.Kh2 Qc2+ 62.Kg1 Qb1+ 63.Kg2 Kg8 64.Qd6 Qc2+ 65.Kg1 Qd1+ 66.Kf2 
Qd2+ 67.Kg1 Qd1+ 68.Kg2 Qf3+ 69.Kg1 Kg7 70.Qe5+ Kh7 71.Qc7 Qd1+ 72.Kg2 
Qe2+ 73.Kg1 Qe1+ 74.Kg2 Qd2+ 75.Kg1 Qd1+ 76.Kg2 Qf3+ 77.Kg1 Kh6 78.Qe5 
Qd1+ 79.Kg2 Qd2+ 80.Kg1 Kh7 81.Qf6 Qe1+ 82.Kg2 Qe2+ 83.Kg1 Kg8 84.Qd8+ Kg7
85.Qd6 Qe1+ 86.Kg2 Qd2+ 87.Kg1 Qe1+ 88.Kg2 Qe2+ 1/2-1/2

[Event "19th Asia-ch (w)"]
[Site "Al-Ain UAE"]
[Date "2015.08.03"]
[Round "2.11"]
[White "Vijayalakshmi, Subbaraman"]
[Black "Otgonjargal, Sengeravdan"]
[Result "1-0"]
[WhiteElo "2341"]
[BlackElo "2213"]
[EventDate "2015.08.02"]
[PlyCount "59"]

1.d4 d5 2.c4 e6 3.Nc3 f5 4.Nf3 c6 5.Bf4 Nf6 6.e3 Be7 7.Bd3 O-O 8.Qc2 Ne4 
9.g4 c5 10.gxf5 Nxc3 11.f6 Ne4 12.fxe7 Qxe7 13.Bxe4 dxe4 14.Qxe4 cxd4 15.
O-O-O Nc6 16.Rhg1 e5 17.Bh6 Rf7 18.Ng5 Bf5 19.Qd5 Bg6 20.Nxf7 Nb4 21.Qa5 
b6 22.Bg5 Qf8 23.Qxe5 Nxa2+ 24.Kd2 Qb4+ 25.Ke2 Qxc4+ 26.Ke1 Nb4 27.Nd6 
Nc2+ 28.Kd2 Qb3 29.Nf5 dxe3+ 30.fxe3 1-0

[Event "19th Asia-ch (w)"]
[Site "Al-Ain UAE"]
[Date "2015.08.03"]
[Round "2.12"]
[White "Faqih, Asil"]
[Black "Pourkashiyan, Atousa"]
[Result "0-1"]
[WhiteElo "1599"]
[BlackElo "2341"]
[EventDate "2015.08.02"]
[PlyCount "53"]

1.d4 Nf6 2.c4 e6 3.Nc3 Bb4 4.e3 O-O 5.Nf3 c5 6.Bd3 d5 7.Rb1 Nc6 8.O-O b6 
9.a3 Bxc3 10.bxc3 dxc4 11.Bxc4 Qc7 12.Qc2 e5 13.d5 e4 14.Nd2 Ne5 15.Ba2 
Neg4 16.g3 Qe5 17.c4 Nxh2 18.f4 exf3 19.Nxf3 Qxg3+ 20.Qg2 Nxf1 21.Qxg3 
Nxg3 22.Rb2 Ng4 23.Ne5 Ne2+ 24.Kg2 Nxc1 25.Nxg4 Bxg4 26.e4 Nxa2 27.Rxa2 
0-1

[Event "19th Asia-ch (w)"]
[Site "Al-Ain UAE"]
[Date "2015.08.03"]
[Round "2.13"]
[White "Pham Le Thao Nguyen"]
[Black "Hakimifard, Raana"]
[Result "0-1"]
[WhiteElo "2332"]
[BlackElo "2084"]
[EventDate "2015.08.02"]
[PlyCount "112"]

1.e4 e5 2.Nf3 Nc6 3.Bc4 Bc5 4.c3 Nf6 5.d3 d6 6.O-O O-O 7.Bb3 a6 8.Nbd2 Ba7
9.Re1 Ng4 10.Re2 Kh8 11.h3 Nh6 12.Nf1 f5 13.N1h2 f4 14.Bd5 Qf6 15.Bxc6 
bxc6 16.d4 Nf7 17.b3 g5 18.Ba3 Rg8 19.dxe5 dxe5 20.Ng4 Bxg4 21.hxg4 h5 22.
Nh2 Rad8 23.Rd2 Nh6 24.Rxd8 Rxd8 25.Qe2 hxg4 26.Nxg4 f3 27.Qxf3 Nxg4 28.
Qxg4 Bxf2+ 29.Kh1 Kg7 30.g3 Be3 31.Qf5 Qh6+ 32.Kg2 Rd2+ 33.Kf3 Qh5+ 34.Qg4
Rf2+ 35.Kxe3 Qxg4 36.Kxf2 Qxe4 37.Re1 Qf5+ 38.Kg2 g4 39.Bc5 Qf3+ 40.Kh2 
Qxc3 41.Bf2 Kf6 42.Kg2 Qb2 43.Re3 Kf5 44.a4 e4 45.Kf1 c5 46.Be1 c4 47.bxc4
Qc2 48.a5 Qxc4+ 49.Kf2 c5 50.Bd2 Qa2 51.Ke1 Ke5 52.Kd1 Qb1+ 53.Ke2 Qb2 54.
Kd1 Kd4 55.Re2 Qa3 56.Bf4 e3 0-1

[Event "19th Asia-ch (w)"]
[Site "Al-Ain UAE"]
[Date "2015.08.03"]
[Round "2.14"]
[White "Li Ruofan"]
[Black "Al-Zarouni, Kholoud Essa"]
[Result "1-0"]
[WhiteElo "2374"]
[BlackElo "1840"]
[EventDate "2015.08.02"]
[PlyCount "58"]

1.d4 Nf6 2.c4 c5 3.d5 e6 4.Nc3 exd5 5.cxd5 d6 6.Nf3 g6 7.h3 Bg7 8.Bf4 O-O 
9.e3 a6 10.a4 b6 11.Nd2 Bb7 12.Nc4 Ne8 13.Be2 f5 14.O-O Qc7 15.a5 Nd7 16.
axb6 Nxb6 17.Qb3 Nxc4 18.Bxc4 Nf6 19.Ra2 Rfb8 20.Rfa1 Bc8 21.Qc2 Nd7 22.
Bxa6 Bxa6 23.Rxa6 Rxa6 24.Rxa6 Be5 25.Qa4 Nb6 26.Qc6 Qb7 27.Bxe5 Qxa6 28.
Qxd6 Qa7 29.Qxb8+ Qxb8 1-0

[Event "19th Asia-ch (w)"]
[Site "Al-Ain UAE"]
[Date "2015.08.03"]
[Round "2.15"]
[White "Enkhtuul, Altanulzii"]
[Black "Antonova, Nadezhda"]
[Result "1-0"]
[WhiteElo "2269"]
[BlackElo "2011"]
[EventDate "2015.08.02"]
[PlyCount "84"]

1.d4 d6 2.Nf3 Bg4 3.g3 Bxf3 4.exf3 Nd7 5.Bg2 c6 6.O-O g6 7.c3 Bg7 8.Be3 
Ngf6 9.Qd2 O-O 10.Bh6 Re8 11.Bxg7 Kxg7 12.Na3 a5 13.Rfe1 e6 14.Nc4 Nb6 15.
Ne3 h5 16.Qc2 Rc8 17.Rad1 Qc7 18.c4 d5 19.f4 Ng4 20.f3 Nxe3 21.Rxe3 Qe7 
22.c5 Nd7 23.Rde1 Qf6 24.Qd2 Rh8 25.Rd3 Ra8 26.Rb1 Rhb8 27.Rc3 Rc8 28.b4 
b5 29.cxb6 Nxb6 30.Bf1 Qd8 31.bxa5 Na4 32.Ra3 Rxa5 33.Qc2 Rca8 34.Rb4 Nb6 
35.Rxa5 Rxa5 36.Qxc6 Nd7 37.Rb7 Nf8 38.a4 Ra8 39.Rc7 Rb8 40.Bb5 Qf6 41.Qc5
Qf5 42.Qa7 Rd8 1-0

[Event "19th Asia-ch (w)"]
[Site "Al-Ain UAE"]
[Date "2015.08.03"]
[Round "2.16"]
[White "Lei Tingjie"]
[Black "Khalaji, Hanieh"]
[Result "1-0"]
[WhiteElo "2436"]
[BlackElo "1965"]
[EventDate "2015.08.02"]
[PlyCount "77"]

1.Nf3 d5 2.g3 Nf6 3.Bg2 g6 4.c4 c6 5.b3 Bg7 6.Bb2 O-O 7.d3 Nbd7 8.O-O Re8 
9.Nc3 e5 10.cxd5 Nxd5 11.Ne4 Nf8 12.Qc2 f5 13.Nc3 Be6 14.Rad1 Rc8 15.Qc1 
Bf7 16.Ng5 Qf6 17.Nxf7 Qxf7 18.Qa1 Nf6 19.Na4 N8d7 20.Qc1 h6 21.e4 Kh7 22.
Nc3 Nh5 23.exf5 gxf5 24.Qc2 Kh8 25.Ne2 f4 26.Bf3 Qf5 27.Kg2 Ndf6 28.Ng1 
Nd5 29.Kh1 Nhf6 30.Qe2 Red8 31.Be4 Qe6 32.Nf3 Ng4 33.Nh4 Ne7 34.gxf4 Bf6 
35.f5 Qg8 36.Rg1 h5 37.f3 Qg7 38.fxg4 Bxh4 39.g5 1-0

[Event "19th Asia-ch (w)"]
[Site "Al-Ain UAE"]
[Date "2015.08.03"]
[Round "2.17"]
[White "Tania, Sachdev"]
[Black "Mir Mahmoud, Afamia"]
[Result "1-0"]
[WhiteElo "2390"]
[BlackElo "1949"]
[EventDate "2015.08.02"]
[PlyCount "85"]

1.d4 d5 2.c4 e6 3.Nc3 Nf6 4.cxd5 exd5 5.Bg5 Be7 6.e3 O-O 7.Bd3 h6 8.Bf4 c6
9.Qc2 Bd6 10.Nge2 Re8 11.O-O Bxf4 12.Nxf4 Qd6 13.Rfe1 b6 14.Rab1 Bb7 15.b4
Nbd7 16.Nfe2 Rad8 17.Ng3 Nf8 18.Nf5 Qd7 19.a4 Ne6 20.a5 b5 21.f3 a6 22.Qf2
Nf8 23.Qg3 Ng6 24.Ne2 Bc8 25.Nf4 Qc7 26.Nxg6 Qxg3 27.Nge7+ Kf8 28.hxg3 
Rxe7 29.Nxe7 Kxe7 30.Rbc1 Bd7 31.Bb1 Be8 32.Rcd1 Nh5 33.Kf2 g6 34.Rh1 Bd7 
35.Rc1 Rh8 36.g4 Ng7 37.e4 Ne8 38.e5 Nc7 39.Ke3 g5 40.g3 Kf8 41.Bf5 Be8 
42.f4 gxf4+ 43.gxf4 1-0

[Event "19th Asia-ch (w)"]
[Site "Al-Ain UAE"]
[Date "2015.08.03"]
[Round "2.18"]
[White "Le Kieu Thien Kim"]
[Black "Nouman, Amna"]
[Result "1-0"]
[WhiteElo "2226"]
[BlackElo "1935"]
[EventDate "2015.08.02"]
[PlyCount "97"]

1.d4 Nf6 2.Bf4 e6 3.e3 b6 4.Nd2 Bb7 5.h3 d6 6.Ngf3 Nbd7 7.a4 a6 8.c3 h6 9.
Be2 Qe7 10.Bh2 g5 11.a5 b5 12.c4 bxc4 13.Bxc4 Bg7 14.Rc1 O-O 15.O-O c5 16.
Bd3 cxd4 17.Nxd4 Ne5 18.Bb1 Rac8 19.f4 Rxc1 20.Qxc1 Rc8 21.Qe1 gxf4 22.
exf4 Nc4 23.Nf5 Qf8 24.Nxc4 Rxc4 25.Ne3 Rc7 26.f5 e5 27.Bg3 Nh5 28.f6 Bxf6
29.Rf5 Nxg3 30.Rxf6 Qg7 31.Rxd6 Qg5 32.Rd2 h5 33.Qxg3 Qxg3 34.Rd8+ Kg7 35.
Nf5+ Kf6 36.Nxg3 Rc1+ 37.Kf2 Rxb1 38.Rd6+ Kg5 39.Rb6 Bd5 40.Nf1 f6 41.g3 
Bc4 42.h4+ Kg6 43.Nd2 Rc1 44.Rc6 Rc2 45.Ke3 Bd3 46.Rb6 Bb5 47.Ne4 Rc6 48.
Nd6 Rc2 49.Nxb5 1-0

[Event "19th Asia-ch (w)"]
[Site "Al-Ain UAE"]
[Date "2015.08.03"]
[Round "2.19"]
[White "Al-Attar, Ghaya"]
[Black "Nguyen Thi Thanh An"]
[Result "0-1"]
[WhiteElo "1913"]
[BlackElo "2219"]
[EventDate "2015.08.02"]
[PlyCount "68"]

1.e4 c5 2.Nf3 a6 3.g3 Nc6 4.d3 g6 5.Bg2 Bg7 6.O-O d6 7.c3 Nf6 8.Re1 O-O 9.
Nbd2 Rb8 10.h3 b5 11.a3 a5 12.d4 cxd4 13.cxd4 e5 14.d5 Ne7 15.g4 Ne8 16.
Nf1 f5 17.gxf5 gxf5 18.Ng5 h6 19.Ne6 Bxe6 20.dxe6 fxe4 21.Bxe4 d5 22.Bg2 
Qb6 23.Re3 Qxe6 24.Rg3 Rd8 25.Qd2 Nf5 26.Rb3 Nd4 27.Rg3 Nd6 28.Rg4 Ne4 29.
Bxe4 dxe4 30.Qe3 Rf4 31.Rb1 Rxg4+ 32.hxg4 Qxg4+ 33.Ng3 Nf3+ 34.Kf1 Rd1+ 
0-1

[Event "19th Asia-ch (w)"]
[Site "Al-Ain UAE"]
[Date "2015.08.03"]
[Round "2.20"]
[White "Hakimifard, Ghazal"]
[Black "Al-Gildah, Nibal"]
[Result "1-0"]
[WhiteElo "2219"]
[BlackElo "1920"]
[EventDate "2015.08.02"]
[PlyCount "105"]

1.e4 g6 2.d4 Bg7 3.Nc3 d6 4.g3 Nf6 5.Bg2 O-O 6.Nge2 Nbd7 7.O-O c5 8.h3 Rb8
9.a4 a6 10.Be3 cxd4 11.Nxd4 Ne5 12.Qe2 Qc7 13.Rad1 Bd7 14.g4 Nc4 15.Bc1 
Rbc8 16.g5 Nh5 17.Nd5 Qd8 18.Qe1 Nb6 19.Nxb6 Qxb6 20.a5 Qc7 21.Qb4 Bxd4 
22.Rxd4 Bb5 23.Re1 Qxc2 24.Be3 Rc4 25.Rxc4 Qxc4 26.Qd2 Bc6 27.Bd4 Ng7 28.
Rc1 Qb3 29.Bc3 Ne6 30.Re1 Rd8 31.Qe3 Qb5 32.h4 Qc5 33.Qg3 Nd4 34.b4 Qa7 
35.Qd3 Ne6 36.Qg3 Nd4 37.Qd3 Ne6 38.Qd2 Qb8 39.Bb2 Ng7 40.Rd1 Ba4 41.Rc1 
e5 42.f4 Ne6 43.Rf1 Rc8 44.f5 Rc2 45.Qe3 Nf4 46.Rxf4 Rxb2 47.Rf2 Rxb4 48.
Qa3 Rb1+ 49.Kh2 Bc6 50.fxg6 hxg6 51.Qa2 Re1 52.Qxf7+ Kh8 53.Qxg6 1-0

[Event "19th Asia-ch (w)"]
[Site "Al-Ain UAE"]
[Date "2015.08.03"]
[Round "2.21"]
[White "Pratyusha, Bodda"]
[Black "Alymbay, Kyzy Aizhan"]
[Result "1-0"]
[WhiteElo "2194"]
[BlackElo "1903"]
[EventDate "2015.08.02"]
[PlyCount "76"]

1.d4 Nf6 2.c4 e6 3.Nc3 Bb4 4.Qc2 d5 5.cxd5 Qxd5 6.Nf3 Qf5 7.Qxf5 exf5 8.
Bd2 O-O 9.e3 c6 10.Bd3 Re8 11.O-O Bd6 12.Rfc1 Ne4 13.Be1 Nd7 14.Ne2 Ndf6 
15.b4 Bd7 16.a4 Nd5 17.b5 Rac8 18.g3 Kh8 19.Bc4 Be6 20.bxc6 Rxc6 21.Bb5 
Rxc1 22.Rxc1 Rd8 23.Nf4 Nxf4 24.gxf4 f6 25.h4 Rg8 26.Kf1 h6 27.h5 Bb8 28.
Nh4 Rd8 29.a5 Rc8 30.Rxc8+ Bxc8 31.d5 Kg8 32.Bd3 Kf7 33.f3 Nd6 34.Bb4 Bd7 
35.Kf2 Bc7 36.e4 fxe4 37.fxe4 Nb5 38.Ng6 a6 1-0

[Event "19th Asia-ch (w)"]
[Site "Al-Ain UAE"]
[Date "2015.08.03"]
[Round "2.22"]
[White "Hong Xing"]
[Black "Ankhchimeg, Bayanmunkh"]
[Result "1-0"]
[WhiteElo "1882"]
[BlackElo "2180"]
[EventDate "2015.08.02"]
[PlyCount "103"]

1.e4 c5 2.Nf3 Nc6 3.d4 cxd4 4.Nxd4 Nf6 5.Nc3 e5 6.Ndb5 d6 7.Bg5 a6 8.Na3 
b5 9.Bxf6 gxf6 10.Nd5 Bg7 11.c3 Ne7 12.Nc2 f5 13.exf5 Bxf5 14.Nxe7 Bxc2 
15.Qxc2 Qxe7 16.Qe4 O-O 17.O-O-O Rac8 18.Kb1 Rc5 19.g4 Rd8 20.Bd3 Qh4 21.
Qe3 a5 22.Rhg1 Qe7 23.Qe4 Qh4 24.Qe3 Qe7 25.g5 d5 26.Bf5 e4 27.Bxe4 Re8 
28.Bxd5 Qxe3 29.fxe3 Rxe3 30.Bb3 a4 31.Rd8+ Bf8 32.Bxf7+ Kxf7 33.Rf1+ Kg6 
34.Rdxf8 Kxg5 35.h4+ Kg4 36.Rg1+ Kh3 37.a3 h5 38.Rf4 Rg3 39.Rh1+ Kg2 40.
Rff1 Rc4 41.Kc2 Rgg4 42.Rhg1+ Kh3 43.Rh1+ Kg3 44.Rf5 Kg2 45.Re1 Rxh4 46.
Ree5 b4 47.axb4 a3 48.Rxh5 a2 49.Rhg5+ Kf2 50.Ra5 Ke3 51.Rxa2 Rcf4 52.Kb3 
1-0

[Event "19th Asia-ch (w)"]
[Site "Al-Ain UAE"]
[Date "2015.08.03"]
[Round "2.23"]
[White "Asgarizadeh, Minoo"]
[Black "Li Yunshan"]
[Result "1/2-1/2"]
[WhiteElo "2180"]
[BlackElo "1835"]
[EventDate "2015.08.02"]
[PlyCount "101"]

1.e4 c5 2.Nf3 e6 3.d4 cxd4 4.Nxd4 Nc6 5.Nc3 Qc7 6.Be3 Nf6 7.Be2 Be7 8.O-O 
O-O 9.f4 d6 10.Ndb5 Qb8 11.a4 a6 12.Na3 d5 13.exd5 Rd8 14.Bb6 Rd7 15.Bf3 
exd5 16.Nxd5 Nxd5 17.Bxd5 Nb4 18.Bxf7+ Kxf7 19.Qh5+ Kg8 20.Nc4 g6 21.Qe2 
Bf8 22.Ne5 Rd5 23.c4 Bc5+ 24.Bxc5 Rxc5 25.Qd2 Nc6 26.b4 Rxe5 27.fxe5 Bf5 
28.b5 Qd8 29.Qa2 Qd4+ 30.Kh1 Nxe5 31.c5+ Qc4 32.Qxc4+ Nxc4 33.Rac1 Ne5 34.
c6 bxc6 35.b6 a5 36.Rc5 Nd7 37.Rxc6 Rb8 38.Re1 Rxb6 39.Rxb6 Nxb6 40.Re5 
Nxa4 41.Rxa5 Nc3 42.Ra7 Ne4 43.Kg1 Nd6 44.h3 h5 45.Kf2 Nf7 46.Kf3 h4 47.
Ra4 g5 48.Ra5 Bd7 49.g3 Bxh3 50.gxh4 gxh4 51.Rh5 1/2-1/2

[Event "19th Asia-ch (w)"]
[Site "Al-Ain UAE"]
[Date "2015.08.03"]
[Round "2.24"]
[White "Asil, Odeh"]
[Black "Shamima, Akter Liza"]
[Result "0-1"]
[WhiteElo "1588"]
[BlackElo "2155"]
[EventDate "2015.08.02"]
[PlyCount "88"]

1.e4 c5 2.Nf3 e6 3.b3 Nc6 4.Bb5 Nf6 5.Nc3 Nd4 6.Be2 d6 7.d3 a6 8.Bb2 b5 9.
a3 Bb7 10.O-O Rc8 11.Qd2 e5 12.Nd1 Ne6 13.Ne3 g6 14.c4 Bh6 15.cxb5 axb5 
16.Rac1 Nd4 17.Qd1 O-O 18.b4 Re8 19.Rc3 Nh5 20.Re1 Nf6 21.Nc2 Nd7 22.bxc5 
dxc5 23.Ncxd4 exd4 24.Rb3 Bc6 25.Ba1 b4 26.Qb1 Ba4 27.Rb2 bxa3 28.Rb7 Rb8 
29.Rxb8 Qxb8 30.Qa2 Qb3 31.Qxb3 Bxb3 32.Rb1 Rb8 33.g4 Bf4 34.Ne1 a2 35.Rb2
Bc1 36.Rxb3 Rxb3 37.Bd1 Rb1 38.Nc2 Bd2 39.Kf1 Rxd1+ 40.Ke2 Rxa1 41.Nxa1 
Bc3 42.Nb3 c4 43.dxc4 Nc5 44.Nxc5 a1=Q 0-1

[Event "19th Asia-ch (w)"]
[Site "Al-Ain UAE"]
[Date "2015.08.03"]
[Round "2.25"]
[White "Al-Rufei, Eman Hassane"]
[Black "Al-Harmoudi, Mona"]
[Result "1-0"]
[WhiteElo "2088"]
[BlackElo "1745"]
[EventDate "2015.08.02"]
[PlyCount "47"]

1.e4 c5 2.Nf3 Nc6 3.d4 cxd4 4.Nxd4 g6 5.Nc3 Bg7 6.Nde2 d6 7.g3 h5 8.h3 Bd7
9.Bg2 Qc8 10.Bf4 Nf6 11.Qd2 Rb8 12.Nb5 a6 13.Nxd6+ exd6 14.Bxd6 h4 15.g4 
Bxg4 16.e5 Nh5 17.Bxb8 Bxe2 18.Bd6 Bh6 19.Qxe2 Nd4 20.Qg4 Nxc2+ 21.Kd1 
Qxg4+ 22.hxg4 Nf4 23.Kxc2 Nxg2 24.Rag1 1-0

[Event "19th Asia-ch (w)"]
[Site "Al-Ain UAE"]
[Date "2015.08.03"]
[Round "2.26"]
[White "Chu Ruotong"]
[Black "Al-Dhaffari, Salma"]
[Result "1-0"]
[WhiteElo "2048"]
[BlackElo "1655"]
[EventDate "2015.08.02"]
[PlyCount "35"]

1.d4 Nf6 2.c4 e6 3.g3 d5 4.Bg2 c6 5.Nf3 Bd6 6.Nbd2 Nbd7 7.Qc2 O-O 8.O-O e5
9.cxd5 Nxd5 10.Nc4 Qc7 11.Nxd6 Qxd6 12.Rd1 exd4 13.Nxd4 N7f6 14.e4 Nb6 15.
Nf5 Qe6 16.b3 Re8 17.Bb2 Bd7 18.Rd6 1-0

[Event "19th Asia-ch (w)"]
[Site "Al-Ain UAE"]
[Date "2015.08.03"]
[Round "2.27"]
[White "Liu Manli"]
[Black "Ezizova, Bagul"]
[Result "1-0"]
[WhiteElo "1995"]
[BlackElo "1518"]
[EventDate "2015.08.02"]
[PlyCount "129"]

1.e4 c6 2.d4 d5 3.e5 Bf5 4.Nf3 e6 5.Be2 h6 6.O-O Ne7 7.Nbd2 Bh7 8.Nb3 Ng6 
9.Ne1 Be7 10.f4 O-O 11.Bd3 Nd7 12.Be3 Rc8 13.f5 exf5 14.Bxf5 Nh4 15.Bh3 
Rc7 16.g3 Ng6 17.Bf5 c5 18.e6 fxe6 19.Bxe6+ Kh8 20.dxc5 Bxc5 21.Nxc5 Nxc5 
22.Bh3 Rxf1+ 23.Bxf1 b6 24.Bg2 Ne7 25.c3 Rc8 26.Nf3 Nc6 27.Nh4 Ne7 28.Qd4 
Qd6 29.Rf1 Ne6 30.Qg4 Rc4 31.Qh5 Qd8 32.Qe5 Rc6 33.Bxh6 Qc7 34.Qxc7 Rxc7 
35.Bh3 gxh6 36.Bxe6 Ng6 37.Nxg6+ Bxg6 38.Bxd5 Kg7 39.Rf4 Rd7 40.Rd4 Re7 
41.Kf2 Re5 42.Bf3 Re7 43.Bc6 Rc7 44.Rd7+ Rxd7 45.Bxd7 Bf7 46.a3 Bb3 47.Ke3
Kf7 48.Kd4 Kf6 49.c4 Ke7 50.Bg4 Kd6 51.Kc3 Ba4 52.b3 Be8 53.Kd4 Bf7 54.b4 
Bg6 55.c5+ bxc5+ 56.bxc5+ Kc6 57.Bf3+ Kc7 58.Ke5 h5 59.Kf6 Be8 60.Kg5 a5 
61.Bxh5 Bxh5 62.Kxh5 Kc6 63.g4 Kxc5 64.g5 Kc4 65.g6 1-0

[Event "19th Asia-ch (w)"]
[Site "Al-Ain UAE"]
[Date "2015.08.03"]
[Round "2.28"]
[White "Al-Maamari, Wafa Darwish"]
[Black "Al-Shaibi, Boshra"]
[Result "0-1"]
[WhiteElo "1500"]
[BlackElo "1987"]
[EventDate "2015.08.02"]
[PlyCount "56"]

1.e4 g6 2.d4 Bg7 3.Nf3 d6 4.Bc4 Nf6 5.Qe2 O-O 6.e5 dxe5 7.dxe5 Nd5 8.O-O 
Bg4 9.c3 c6 10.Re1 Nd7 11.Nbd2 Nxe5 12.h3 Bxf3 13.Nxf3 Nxc4 14.Qxc4 Qc7 
15.Bg5 f6 16.Bh4 e5 17.Rad1 Qf7 18.Qc5 a6 19.b3 Rae8 20.c4 Nf4 21.Rd6 e4 
22.Nd4 Nd3 23.Qa5 Nxe1 24.Qxe1 f5 25.Qd2 Be5 26.Nxf5 Qxf5 27.Rd7 Rf7 28.
Rxf7 Qxf7 0-1